|
|
|
|
| LEADER |
00000nam0a2200000 4500 |
| 001 |
303436 |
| 005 |
20231101010107.0 |
| 035 |
|
|
|a (RuTPU)RU\TPU\book\328659
|
| 090 |
|
|
|a 303436
|
| 100 |
|
|
|a 20150902d1961 k y0rusy50 ca
|
| 101 |
0 |
|
|a rus
|
| 102 |
|
|
|a RU
|
| 105 |
|
|
|a a z 101zy
|
| 200 |
1 |
|
|a Вопросы металлургии и физики полупроводников. Полупроводниковые соединения и твердые сплавы.
|e ( Труды 4-го совещания по полупроводниковым материалам )
|f Академия наук СССР (АН СССР), Институт металлургии им. А. А. Байкова (ИМЕТ) ; Академия наук СССР (АН СССР), Физико-технический институт им. А. Ф. Иоффе (ФТИ) ; под ред. Н. Х. Абрикосова
|
| 210 |
|
|
|a Москва
|c Издательство Академии наук СССР
|d 1961
|
| 215 |
|
|
|a 175 с.
|c ил.
|
| 320 |
|
|
|a Библиография в конце статей
|
| 606 |
1 |
|
|a Полупроводники
|x Физика
|2 stltpush
|3 (RuTPU)RU\TPU\subj\50622
|
| 610 |
1 |
|
|a полупроводниковые материалы
|
| 610 |
1 |
|
|a полупроводниковые соединения
|
| 610 |
1 |
|
|a твердые сплавы
|
| 610 |
1 |
|
|a металлургия
|
| 610 |
1 |
|
|a физика
|
| 610 |
1 |
|
|a совещания
|
| 675 |
|
|
|a 621.315.592:53(063)
|v 3
|
| 702 |
|
1 |
|a Абрикосов
|b Н. Х.
|4 340
|
| 712 |
0 |
2 |
|a Академия наук СССР (АН СССР)
|b Институт металлургии им. А. А. Байкова (ИМЕТ)
|c (Москва)
|2 stltpush
|3 (RuTPU)RU\TPU\col\312
|
| 712 |
0 |
2 |
|a Академия наук СССР (АН СССР)
|b Физико-технический институт им. А. Ф. Иоффе (ФТИ)
|c (Ленинград)
|2 stltpush
|3 (RuTPU)RU\TPU\col\12056
|
| 712 |
1 |
2 |
|a Вопросы металлургии и физики полупроводников. Полупроводниковые соединения и твердые сплавы.
|c совещание
|d 4
|e Москва
|f 1961
|
| 801 |
|
1 |
|a RU
|b 63413507
|c 20150902
|
| 801 |
|
2 |
|a RU
|b 63413507
|c 20150922
|g RCR
|
| 942 |
|
|
|c BK
|